Vyššou účinnosťou socialistického súťaženia za splnenie 7. päťročn ice

Bibliographic Details
Format: Article
Language:Slovak
Subjects:

MARC

LEADER 00000nab a2200000 a 4500
001 vtls000203483
003 SK-MaSNL
005 20260302204041.0
008 190108c1985 xo 0 slo
015 |a SNBRB19rr/mm-uuuuu 
035 |a CL0213596 
040 |a SNKBUCL  |b slo  |c SNKBUCL  |e AACR2 
041 0 |a slo 
044 |a xo  |c SK 
080 |a 331.876.4  |2 1981 
080 |a 331.88(437)  |2 1981 
245 0 0 |a Vyššou účinnosťou socialistického súťaženia za splnenie 7. päťročn ice 
610 2 7 |a Revolučné odborové hnutie  |2 SNKKA  |9 36449 
650 0 7 |a socialistické súťaženie  |2 snkbucl  |9 88207 
650 0 7 |a politické vzdelávanie  |2 snkbucl  |9 69709 
655 7 |a články z novín a časopisov  |2 snkbucl  |9 267496 
773 0 |t Práca  |g Roč. 40, č. 2 (3. 1. 1985), s. 5-6 
850 |a Slovenská národná knižnica v Martine  |a MTA001 
852 |a SNK  |b KIS3GCP 
958 |a RK 
992 |a RBX 
999 |c 1471682  |d 1473612